[Event "Capablanca Memorial Premier 44th"]
[Site "Havana"]
[Date "2009.06.09"]
[Round "2"]
[White "Corrales Jimenez, Fidel"]
[Black "Delgado Ramirez, Neuris"]
[Result "0-1"]
[WhiteElo "2574"]
[BlackElo "2572"]
[PlyCount "98"]
[EventDate "2009.06.08"]
[EventType "tourn"]
[EventRounds "10"]
[EventCountry "CUB"]
[EventCategory "14"]
[SourceTitle "CBM 131"]
[Source "ChessBase"]
[SourceDate "2009.07.15"]
[SourceVersion "1"]
[SourceVersionDate "2009.07.15"]
[SourceQuality "1"]

1. e4 c5 2. Nf3 Nc6 3. d4 cxd4 4. Nxd4 Nf6 5. Nc3 d6 6. Bg5 e6 7. Qd2 Be7 8.
O-O-O Nxd4 9. Qxd4 O-O 10. f4 Qa5 11. Bc4 Bd7 12. Rd3 Rad8 13. Rg3 Kh8 14. Rf1
Qc5 15. Qd3 Bc6 16. Bb3 h6 17. Rh3 Kg8 18. Bh4 Rfe8 19. f5 exf5 20. Rxf5 d5 21.
Bxf6 Bxf6 22. Bxd5 Bg5+ 23. Kb1 Bxd5 24. Nxd5 Rxe4 25. a3 Qd4 26. c3 Qg1+ 27.
Ka2 Qxg2 28. Rg3 Qe2 29. Qxe2 Rxe2 30. c4 Rxh2 31. Rb3 b6 32. a4 Rh4 33. a5
Rxc4 34. axb6 axb6 35. Rxb6 Rc5 36. Nf6+ Bxf6 37. Rxc5 Bd4 38. b4 Bxc5 39. bxc5
Rc8 40. c6 h5 41. Kb3 h4 42. Kc4 h3 43. Kd5 g5 44. Rb1 g4 45. Rh1 Kg7 46. Kd6
Kg6 47. Kd7 Rh8 48. c7 Kg5 49. Re1 h2 0-1

[Event "Capablanca Memorial Premier 44th"]
[Site "Havana"]
[Date "2009.06.10"]
[Round "3"]
[White "Delgado Ramirez, Neuris"]
[Black "Hernandez Carmenates, Holden"]
[Result "1-0"]
[WhiteElo "2572"]
[BlackElo "2573"]
[PlyCount "103"]
[EventDate "2009.06.08"]
[EventType "tourn"]
[EventRounds "10"]
[EventCountry "CUB"]
[EventCategory "14"]
[SourceTitle "CBM 131"]
[Source "ChessBase"]
[SourceDate "2009.07.15"]
[SourceVersion "1"]
[SourceVersionDate "2009.07.15"]
[SourceQuality "1"]

1. e4 c5 2. Nf3 d6 3. Bb5+ Nc6 4. O-O Nf6 5. Re1 Bd7 6. c3 a6 7. Ba4 e5 8. h3
c4 9. d4 cxd3 10. Bg5 b5 11. Bb3 h6 12. Bxf6 Qxf6 13. Qxd3 Be7 14. Nbd2 O-O 15.
Nf1 Bd8 16. Rad1 Bc7 17. N3h2 h5 18. Re3 Ne7 19. Rf3 Qh6 20. Ne3 Be6 21. Nhf1
Rab8 22. Ng3 g6 23. Bd5 Rfd8 24. Qc2 Bxd5 25. Nxd5 Nxd5 26. Rxd5 Qf8 27. Qd2
Re8 28. Nf1 Re6 29. Ne3 Bb6 30. Nc2 Bc7 31. Nb4 Qc8 32. Rdd3 Kg7 33. Rg3 Qb7
34. Nd5 Rh8 35. Qc2 Bb6 36. a4 Ba7 37. axb5 axb5 38. Rd1 Ree8 39. Kh2 Bb6 40.
Rf3 Re6 41. Ra1 Ree8 42. Qd3 Bd8 43. Qe3 Rhf8 44. Ra7 Qc6 45. g3 Re6 46. Kg2
Kg8 47. g4 h4 48. Qh6 Qc4 49. Re3 Qc5 50. Ra8 Qc6 51. Rb8 g5 52. Rxd8 1-0

[Event "Capablanca Memorial Premier 44th"]
[Site "Havana"]
[Date "2009.06.11"]
[Round "4"]
[White "Delgado Ramirez, Neuris"]
[Black "Potkin, Vladimir"]
[Result "1/2-1/2"]
[WhiteElo "2572"]
[BlackElo "2621"]
[PlyCount "38"]
[EventDate "2009.06.08"]
[EventType "tourn"]
[EventRounds "10"]
[EventCountry "CUB"]
[EventCategory "14"]
[SourceTitle "CBM 131"]
[Source "ChessBase"]
[SourceDate "2009.07.15"]
[SourceVersion "1"]
[SourceVersionDate "2009.07.15"]
[SourceQuality "1"]

1. e4 c5 2. Nf3 e6 3. d4 cxd4 4. Nxd4 Nc6 5. Nc3 Qc7 6. Be3 a6 7. Nb3 b5 8. Bd3
Nf6 9. f4 d6 10. Qf3 Be7 11. O-O Bb7 12. Qh3 Nb4 13. a3 Nxd3 14. cxd3 O-O 15.
Rac1 Qd8 16. Rf3 Nd7 17. Qh5 Nf6 18. Qh3 Nd7 19. Qh5 Nf6 1/2-1/2

[Event "Capablanca Memorial Premier 44th"]
[Site "Havana"]
[Date "2009.06.12"]
[Round "5"]
[White "Quesada Perez, Yuniesky"]
[Black "Delgado Ramirez, Neuris"]
[Result "0-1"]
[WhiteElo "2596"]
[BlackElo "2572"]
[PlyCount "106"]
[EventDate "2009.06.08"]
[EventType "tourn"]
[EventRounds "10"]
[EventCountry "CUB"]
[EventCategory "14"]
[SourceTitle "CBM 131"]
[Source "ChessBase"]
[SourceDate "2009.07.15"]
[SourceVersion "1"]
[SourceVersionDate "2009.07.15"]
[SourceQuality "1"]

1. e4 c5 2. Nf3 Nc6 3. d4 cxd4 4. Nxd4 Nf6 5. Nc3 d6 6. Bg5 e6 7. Qd2 Be7 8.
O-O-O Nxd4 9. Qxd4 O-O 10. f3 a6 11. h4 b5 12. Kb1 Bb7 13. g4 Qc7 14. Qd2 Rac8
15. Bd3 Rfd8 16. Ne2 b4 17. Nd4 a5 18. Qe1 e5 19. Nf5 d5 20. h5 dxe4 21. fxe4
h6 22. Bh4 a4 23. Bxf6 Bxf6 24. Qxb4 Bc6 25. Rhf1 Kh7 26. Ka1 Rb8 27. Qc3 Qb6
28. Rb1 Bg5 29. b3 Rbc8 30. bxa4 Qa7 31. Qa3 Bd7 32. Rb3 Be6 33. Kb1 Bxb3 34.
axb3 Rc3 35. Qb4 Qc7 36. Rd1 Rb8 37. Qd6 Qa7 38. Kb2 Rbc8 39. Kb1 Qf2 40. Rf1
Qd2 41. Ka1 Rxc2 42. Bxc2 Qc3+ 43. Ka2 Qxc2+ 44. Ka3 Bd2 45. Qb6 Rc6 46. Qa7
Qxe4 47. Qb7 Qc2 48. Qa7 Rc7 49. Qb6 Bc3 50. Qf2 Bb4+ 51. Kxb4 Rb7+ 52. Ka5
Qc7+ 53. Ka6 Qb8 0-1

[Event "Capablanca Memorial Premier 44th"]
[Site "Havana"]
[Date "2009.06.13"]
[Round "6"]
[White "Cordova, Emilio"]
[Black "Delgado Ramirez, Neuris"]
[Result "1-0"]
[WhiteElo "2543"]
[BlackElo "2572"]
[PlyCount "89"]
[EventDate "2009.06.08"]
[EventType "tourn"]
[EventRounds "10"]
[EventCountry "CUB"]
[EventCategory "14"]
[SourceTitle "CBM 131"]
[Source "ChessBase"]
[SourceDate "2009.07.15"]
[SourceVersion "1"]
[SourceVersionDate "2009.07.15"]
[SourceQuality "1"]

1. d4 d5 2. Nf3 Nf6 3. c4 e6 4. Nc3 Be7 5. Bg5 O-O 6. e3 h6 7. Bxf6 Bxf6 8.
cxd5 exd5 9. Bd3 c6 10. O-O Bg4 11. h3 Bxf3 12. Qxf3 Nd7 13. b4 a6 14. a4 Be7
15. Rab1 Nf6 16. Rfc1 Rc8 17. b5 axb5 18. axb5 c5 19. dxc5 Rxc5 20. Ne2 Qc7 21.
Rxc5 Bxc5 22. Rd1 Rd8 23. g3 b6 24. Kg2 Qe5 25. Nf4 d4 26. Bc4 Qe4 27. Bb3 Qe8
28. exd4 Bxd4 29. Qc6 Qe5 30. Rd3 Rd6 31. Qc4 Rd7 32. Qc8+ Kh7 33. Qc2 Kg8 34.
Qc8+ Kh7 35. Qc2 Kg8 36. Rd1 Qc5 37. Qa2 Re7 38. Bxf7+ Rxf7 39. Ne6 Qxb5 40.
Nd8 Kh7 41. Qxf7 Bxf2 42. Qa2 Ne4 43. Ne6 Qc6 44. Nf8+ Kh8 45. Ng6+ 1-0

[Event "Capablanca Memorial Premier 44th"]
[Site "Havana"]
[Date "2009.06.14"]
[Round "7"]
[White "Delgado Ramirez, Neuris"]
[Black "Corrales Jimenez, Fidel"]
[Result "1-0"]
[WhiteElo "2572"]
[BlackElo "2574"]
[PlyCount "57"]
[EventDate "2009.06.08"]
[EventType "tourn"]
[EventRounds "10"]
[EventCountry "CUB"]
[EventCategory "14"]
[SourceTitle "CBM 131"]
[Source "ChessBase"]
[SourceDate "2009.07.15"]
[SourceVersion "1"]
[SourceVersionDate "2009.07.15"]
[SourceQuality "1"]

1. e4 c5 2. Nf3 e6 3. d4 cxd4 4. Nxd4 Nf6 5. Bd3 Nc6 6. Nxc6 bxc6 7. O-O d5 8.
Nd2 Be7 9. b3 a5 10. Bb2 Ba6 11. c4 O-O 12. Qc2 h6 13. Rad1 a4 14. Nf3 axb3 15.
axb3 dxe4 16. Bxe4 Qc8 17. Qc3 Bb7 18. Bb1 c5 19. Ne5 Rd8 20. Qg3 Qc7 21. Rde1
Ra6 22. Re3 Nh5 23. Qg4 Bg5 24. Qxh5 Bxe3 25. fxe3 Rd2 26. Rxf7 Rxg2+ 27. Kf1
Rxb2 28. Bh7+ Kh8 29. Rf8+ 1-0

[Event "Capablanca Memorial Premier 44th"]
[Site "Havana"]
[Date "2009.06.15"]
[Round "8"]
[White "Hernandez Carmenates, Holden"]
[Black "Delgado Ramirez, Neuris"]
[Result "1/2-1/2"]
[WhiteElo "2573"]
[BlackElo "2572"]
[PlyCount "55"]
[EventDate "2009.06.08"]
[EventType "tourn"]
[EventRounds "10"]
[EventCountry "CUB"]
[EventCategory "14"]
[SourceTitle "CBM 131"]
[Source "ChessBase"]
[SourceDate "2009.07.15"]
[SourceVersion "1"]
[SourceVersionDate "2009.07.15"]
[SourceQuality "1"]

1. d4 Nf6 2. c4 e6 3. Nc3 d5 4. cxd5 exd5 5. Bg5 c6 6. e3 Bf5 7. Qf3 Be6 8.
Bxf6 Qxf6 9. Qxf6 gxf6 10. Bd3 Nd7 11. Nf3 Nb6 12. Nh4 Nc8 13. Ne2 Bb4+ 14. Kf1
Be7 15. Ng3 Nd6 16. Ngf5 Nxf5 17. Nxf5 Bxf5 18. Bxf5 a5 19. Bd3 Bd6 20. h4 Ke7
21. Rh3 Kf8 22. Re1 a4 23. e4 dxe4 24. Bxe4 Kg7 25. a3 Ra5 26. Rf3 Rb5 27. Rb1
Rd8 28. Rc3 1/2-1/2

[Event "Capablanca Memorial Premier 44th"]
[Site "Havana"]
[Date "2009.06.16"]
[Round "9"]
[White "Potkin, Vladimir"]
[Black "Delgado Ramirez, Neuris"]
[Result "1/2-1/2"]
[WhiteElo "2621"]
[BlackElo "2572"]
[PlyCount "91"]
[EventDate "2009.06.08"]
[EventType "tourn"]
[EventRounds "10"]
[EventCountry "CUB"]
[EventCategory "14"]
[SourceTitle "CBM 131"]
[Source "ChessBase"]
[SourceDate "2009.07.15"]
[SourceVersion "1"]
[SourceVersionDate "2009.07.15"]
[SourceQuality "1"]

1. d4 Nf6 2. c4 e6 3. Nc3 d5 4. Nf3 Be7 5. Bf4 O-O 6. e3 Nbd7 7. a3 c5 8. dxc5
Nxc5 9. cxd5 Nxd5 10. Nxd5 exd5 11. Be5 Bf6 12. Be2 Bxe5 13. Nxe5 Ne6 14. O-O
d4 15. Qd2 Qe7 16. Rac1 Rd8 17. Bc4 dxe3 18. Qxe3 Bd7 19. f4 Be8 20. f5 Nd4 21.
f6 gxf6 22. Qg3+ Kh8 23. Ng4 Bc6 24. Qf4 Ne6 25. Qxf6+ Qxf6 26. Rxf6 Rd2 27.
Rf2 Rxf2 28. Kxf2 Kg8 29. Ne3 Rd8 30. Rd1 Rxd1 31. Nxd1 Kg7 32. g3 Kf6 33. Ke3
Ng5 34. Nf2 Nf3 35. h3 Ne5 36. Be2 Ke6 37. Ne4 h6 38. Nd2 Bg2 39. h4 Bd5 40.
Bf1 f5 41. Be2 b6 42. Bh5 Kf6 43. Kd4 Bb7 44. Ke3 Bd5 45. Kd4 Bb7 46. Ke3
1/2-1/2

[Event "Capablanca Memorial Premier 44th"]
[Site "Havana"]
[Date "2009.06.17"]
[Round "10"]
[White "Delgado Ramirez, Neuris"]
[Black "Quesada Perez, Yuniesky"]
[Result "1/2-1/2"]
[WhiteElo "2572"]
[BlackElo "2596"]
[PlyCount "21"]
[EventDate "2009.06.08"]
[EventType "tourn"]
[EventRounds "10"]
[EventCountry "CUB"]
[EventCategory "14"]
[SourceTitle "CBM 131"]
[Source "ChessBase"]
[SourceDate "2009.07.15"]
[SourceVersion "1"]
[SourceVersionDate "2009.07.15"]
[SourceQuality "1"]

1. e4 c5 2. Nf3 d6 3. Bb5+ Bd7 4. Qe2 Bxb5 5. Qxb5+ Qd7 6. Qxd7+ Nxd7 7. d3
Ngf6 8. Nc3 e6 9. h3 Be7 10. Bg5 O-O 11. O-O 1/2-1/2

[Event "San Jose zt 2.3"]
[Site "San Jose"]
[Date "2009.06.19"]
[Round "1"]
[White "Murillo Tsijli, Alexis"]
[Black "Delgado Ramirez, Neuris"]
[Result "0-1"]
[WhiteElo "2317"]
[BlackElo "2572"]
[PlyCount "118"]
[EventDate "2009.06.19"]
[EventType "tourn"]
[EventRounds "13"]
[EventCountry "CRI"]
[EventCategory "6"]
[SourceTitle "CBM 130 Extra"]
[Source "ChessBase"]
[SourceDate "2009.07.02"]
[SourceVersion "2"]
[SourceVersionDate "2009.07.15"]
[SourceQuality "1"]

1. d4 Nf6 2. c4 e6 3. Nc3 Bb4 4. e3 O-O 5. Nge2 d5 6. a3 Be7 7. Nf4 c6 8. cxd5
exd5 9. Bd3 Re8 10. O-O Nbd7 11. Qf3 Nf8 12. h3 Ne6 13. Nxe6 Bxe6 14. Bd2 Qd6
15. Rfd1 Bd8 16. e4 dxe4 17. Nxe4 Nxe4 18. Qxe4 g6 19. Bf4 Qd7 20. Qf3 Bf6 21.
Be5 Bg7 22. Bxg7 Kxg7 23. Bc2 Bd5 24. Qc3 Qd8 25. Re1 Qg5 26. Qg3 Qxg3 27. fxg3
Rad8 28. Kf2 Be6 29. Rad1 Re7 30. Rd2 Red7 31. Red1 h5 32. b4 Rd6 33. a4 Bc4
34. a5 Rf6+ 35. Kg1 Re8 36. Bd3 Bd5 37. b5 cxb5 38. Bxb5 Rc8 39. h4 a6 40. Be2
Kf8 41. Rd3 Rc2 42. Bf3 Rf5 43. Rb1 Rc7 44. Bxd5 Rxd5 45. Rdb3 Rxd4 46. Rxb7
Rxb7 47. Rxb7 Rd5 48. Rb4 Rxa5 49. Rb6 Ra2 50. Kh2 a5 51. Ra6 a4 52. Kg1 a3 53.
Kh2 Ke7 54. Kg1 f5 55. Kh2 Kd7 56. Rxg6 Rb2 57. Ra6 a2 58. g4 fxg4 59. Kg3 Kc7
0-1

[Event "San Jose zt 2.3"]
[Site "San Jose"]
[Date "2009.06.20"]
[Round "2"]
[White "Delgado Ramirez, Neuris"]
[Black "Arias, Lemnys A"]
[Result "0-1"]
[WhiteElo "2572"]
[BlackElo "2406"]
[PlyCount "90"]
[EventDate "2009.06.19"]
[EventType "tourn"]
[EventRounds "13"]
[EventCountry "CRI"]
[EventCategory "6"]
[SourceTitle "CBM 130 Extra"]
[Source "ChessBase"]
[SourceDate "2009.07.02"]
[SourceVersion "2"]
[SourceVersionDate "2009.07.15"]
[SourceQuality "1"]

1. e4 c5 2. Nf3 e6 3. Nc3 a6 4. d4 cxd4 5. Nxd4 Qc7 6. Bd3 Nf6 7. f4 Bb4 8. Bd2
Nc6 9. Nxc6 bxc6 10. e5 Nd5 11. Ne4 f5 12. exf6 Bxd2+ 13. Qxd2 Nxf6 14. Nxf6+
gxf6 15. O-O-O Bb7 16. Rhe1 O-O-O 17. Re4 Kb8 18. Ra4 Ka7 19. Qc3 f5 20. Qc5+
Qb6 21. Qd6 c5 22. Bxa6 Bxa6 23. Qxb6+ Kxb6 24. Rd6+ Kc7 25. Rdxa6 Rb8 26. R4a5
d6 27. Ra7+ Rb7 28. Ra8 Rxa8 29. Rxa8 Kc6 30. g3 Kd5 31. b3 e5 32. fxe5 dxe5
33. a4 Ke4 34. a5 Ke3 35. a6 Re7 36. c3 Kf2 37. Rf8 f4 38. b4 f3 39. b5 e4 40.
b6 e3 41. a7 e2 42. a8=Q e1=Q+ 43. Kb2 Qe2+ 44. Ka3 Re3 45. Qa5 Qc4 0-1

[Event "San Jose zt 2.3"]
[Site "San Jose"]
[Date "2009.06.20"]
[Round "3"]
[White "Prasca Sosa, Raphael Felipe"]
[Black "Delgado Ramirez, Neuris"]
[Result "1/2-1/2"]
[WhiteElo "2415"]
[BlackElo "2572"]
[PlyCount "77"]
[EventDate "2009.06.19"]
[EventType "tourn"]
[EventRounds "13"]
[EventCountry "CRI"]
[EventCategory "6"]
[SourceTitle "CBM 130 Extra"]
[Source "ChessBase"]
[SourceDate "2009.07.02"]
[SourceVersion "2"]
[SourceVersionDate "2009.07.15"]
[SourceQuality "1"]

1. e4 c5 2. Nf3 Nc6 3. d4 cxd4 4. Nxd4 Nf6 5. Nc3 d6 6. g3 a6 7. Bg2 Bg4 8. f3
Bd7 9. Nb3 g6 10. O-O Bg7 11. Be3 O-O 12. Nd5 Nxd5 13. exd5 Ne5 14. Bd4 Rc8 15.
h3 a5 16. f4 a4 17. fxe5 axb3 18. axb3 dxe5 19. Be3 Qc7 20. c3 e4 21. g4 f5 22.
gxf5 Bxf5 23. Qd2 Rcd8 24. Rad1 Be5 25. Qe1 Bg3 26. Qe2 Qd7 27. Bh6 Rf6 28. Bg5
Rd6 29. c4 Re8 30. Qe3 Be5 31. Bxe4 Bxh3 32. Bf3 Bxb2 33. c5 Bxf1 34. cxd6 Bh3
35. dxe7 Qd6 36. Be2 Bd7 37. Rf1 Bd4 38. Qxd4 Qg3+ 39. Kh1 1/2-1/2

[Event "San Jose zt 2.3"]
[Site "San Jose"]
[Date "2009.06.20"]
[Round "4"]
[White "Delgado Ramirez, Neuris"]
[Black "Valdes Romero, Leonardo"]
[Result "1-0"]
[WhiteElo "2572"]
[BlackElo "2403"]
[PlyCount "63"]
[EventDate "2009.06.19"]
[EventType "tourn"]
[EventRounds "13"]
[EventCountry "CRI"]
[EventCategory "6"]
[SourceTitle "CBM 130 Extra"]
[Source "ChessBase"]
[SourceDate "2009.07.02"]
[SourceVersion "2"]
[SourceVersionDate "2009.07.15"]
[SourceQuality "1"]

1. e4 d6 2. d4 Nf6 3. Nc3 g6 4. Bg5 c6 5. Qd2 b5 6. Bd3 Bg7 7. f4 O-O 8. Nf3
Bg4 9. e5 b4 10. Ne2 Nd5 11. O-O Qb6 12. c4 bxc3 13. bxc3 Qa5 14. h3 Bxf3 15.
Rxf3 Nd7 16. exd6 exd6 17. f5 Rae8 18. Raf1 N7f6 19. Kh1 Rc8 20. Bh6 Rb8 21.
fxg6 fxg6 22. Bxg7 Kxg7 23. Qg5 Qd8 24. c4 Nc7 25. Nf4 Ng8 26. Qg3 Kh6 27. Bxg6
Qg5 28. Qxg5+ Kxg5 29. Bxh7 Kh6 30. Bd3 Rb2 31. Rg3 Ne7 32. Re1 1-0

[Event "San Jose zt 2.3"]
[Site "San Jose"]
[Date "2009.06.21"]
[Round "5"]
[White "Iturrizaga Bonelli, Eduardo"]
[Black "Delgado Ramirez, Neuris"]
[Result "0-1"]
[WhiteElo "2528"]
[BlackElo "2572"]
[PlyCount "76"]
[EventDate "2009.06.19"]
[EventType "tourn"]
[EventRounds "13"]
[EventCountry "CRI"]
[EventCategory "6"]
[SourceTitle "CBM 130 Extra"]
[Source "ChessBase"]
[SourceDate "2009.07.02"]
[SourceVersion "2"]
[SourceVersionDate "2009.07.15"]
[SourceQuality "1"]

1. d4 Nf6 2. c4 e6 3. Nf3 Bb4+ 4. Nbd2 O-O 5. a3 Be7 6. g3 d5 7. Bg2 b6 8. O-O
Bb7 9. Ne5 Qc8 10. cxd5 exd5 11. Ndf3 Ne4 12. Bf4 Qe6 13. Qb3 f6 14. Nd3 Nc6
15. Be3 Na5 16. Qa2 Nc4 17. Bc1 g5 18. Re1 Rac8 19. b3 Ncd6 20. b4 Ba6 21. Qc2
Qf5 22. Rf1 Qe6 23. Nfe1 Nf5 24. Bh3 h5 25. Bb2 Bb7 26. Ng2 g4 27. Ngf4 Qf7 28.
Bg2 Bd6 29. h4 gxh3 30. Bxh3 Qh7 31. Qb3 Kh8 32. Kg2 Nd2 33. Qc2 Nxf1 34. Rxf1
Bxf4 35. gxf4 Rg8+ 36. Kh2 Rce8 37. Ne5 fxe5 38. dxe5 d4 0-1

[Event "San Jose zt 2.3"]
[Site "San Jose"]
[Date "2009.06.21"]
[Round "6"]
[White "Delgado Ramirez, Neuris"]
[Black "Bruzon Batista, Lazaro"]
[Result "1/2-1/2"]
[WhiteElo "2572"]
[BlackElo "2617"]
[PlyCount "24"]
[EventDate "2009.06.19"]
[EventType "tourn"]
[EventRounds "13"]
[EventCountry "CRI"]
[EventCategory "6"]
[SourceTitle "CBM 130 Extra"]
[Source "ChessBase"]
[SourceDate "2009.07.02"]
[SourceVersion "2"]
[SourceVersionDate "2009.07.15"]
[SourceQuality "1"]

1. e4 e6 2. d4 d5 3. exd5 exd5 4. Bf4 Bd6 5. Bxd6 Qxd6 6. c3 Ne7 7. Bd3 O-O 8.
Nf3 Bf5 9. Bxf5 Nxf5 10. O-O Nd7 11. Na3 c6 12. Nc2 Rac8 1/2-1/2

[Event "San Jose zt 2.3"]
[Site "San Jose"]
[Date "2009.06.23"]
[Round "7"]
[White "Soto Paez, Oliver de la Trinid"]
[Black "Delgado Ramirez, Neuris"]
[Result "0-1"]
[WhiteElo "2388"]
[BlackElo "2572"]
[PlyCount "134"]
[EventDate "2009.06.19"]
[EventType "tourn"]
[EventRounds "13"]
[EventCountry "CRI"]
[EventCategory "6"]
[SourceTitle "CBM 130 Extra"]
[Source "ChessBase"]
[SourceDate "2009.07.02"]
[SourceVersion "2"]
[SourceVersionDate "2009.07.15"]
[SourceQuality "1"]

1. e4 c5 2. Nf3 Nc6 3. d4 cxd4 4. Nxd4 Nf6 5. Nc3 d6 6. Bg5 Qa5 7. Bb5 Bd7 8.
Nb3 Qc7 9. a4 e6 10. O-O Be7 11. a5 a6 12. Be2 Ne5 13. Qd4 Rc8 14. Kh1 O-O 15.
f4 Ng6 16. Rad1 Nxf4 17. Bxf4 e5 18. Qe3 exf4 19. Rxf4 Be6 20. Rdf1 Nd7 21. Nd4
Qc5 22. Qf2 Qxa5 23. Nf5 Qd8 24. Nd5 Bxd5 25. exd5 Ne5 26. Qg3 g6 27. c3 Kh8
28. Nxe7 Qxe7 29. Rf6 Rcd8 30. R1f2 Rc8 31. Qf4 Rc5 32. c4 Ra5 33. h3 Kg8 34.
Kh2 Ra2 35. b4 b6 36. c5 bxc5 37. bxc5 Nd7 38. Rxd6 Nxc5 39. Rc6 Ne4 40. d6 Qd7
41. Rc7 Qxd6 42. Qxd6 Nxd6 43. Re7 Nf5 44. Rd7 a5 45. g4 Re8 46. gxf5 Raxe2 47.
Rxe2 Rxe2+ 48. Kg3 Kg7 49. Rd6 gxf5 50. Rd5 a4 51. Rxf5 a3 52. Ra5 a2 53. Ra6
f6 54. Ra5 Kf7 55. Ra6 Ke7 56. Kg4 Kd7 57. h4 Kc7 58. Kf5 Rf2+ 59. Ke6 f5 60.
Kf6 f4 61. Kf5 Kb7 62. Ra3 Kb6 63. h5 Kb5 64. Kg5 f3 65. Kf4 Kb4 66. Ra7 Kb3
67. Kg3 Rf1 0-1

[Event "San Jose zt 2.3"]
[Site "San Jose"]
[Date "2009.06.23"]
[Round "8"]
[White "Delgado Ramirez, Neuris"]
[Black "Echavarria, Johann"]
[Result "1/2-1/2"]
[WhiteElo "2572"]
[BlackElo "2379"]
[PlyCount "126"]
[EventDate "2009.06.19"]
[EventType "tourn"]
[EventRounds "13"]
[EventCountry "CRI"]
[EventCategory "6"]
[SourceTitle "CBM 130 Extra"]
[Source "ChessBase"]
[SourceDate "2009.07.02"]
[SourceVersion "2"]
[SourceVersionDate "2009.07.15"]
[SourceQuality "1"]

1. e4 c5 2. Nf3 e6 3. Nc3 Nc6 4. Bb5 Nd4 5. O-O a6 6. Bd3 Ne7 7. b3 Nec6 8. Bb2
g6 9. Nxd4 cxd4 10. Ne2 Bg7 11. c3 O-O 12. cxd4 Qb6 13. e5 d6 14. Be4 d5 15.
Bf3 f6 16. Ba3 Rf7 17. Bc5 Qd8 18. exf6 Bxf6 19. Rc1 b6 20. Ba3 Nxd4 21. Nxd4
Bxd4 22. Qe2 e5 23. d3 Bb7 24. g3 Qf6 25. Bg2 e4 26. dxe4 dxe4 27. Rcd1 Re8 28.
Bc1 Bc6 29. a4 b5 30. Qc2 Rd8 31. Bb2 Bxb2 32. Rxd8+ Qxd8 33. Qxc6 bxa4 34.
bxa4 Qf6 35. Qxe4 Bd4 36. Qe2 Kg7 37. Be4 Re7 38. Kg2 Qc6 39. f3 Qxa4 40. h4
Qb5 41. Qxb5 axb5 42. Rb1 Re5 43. Bd3 Rc5 44. Bxb5 Rc2+ 45. Kh3 Rb2 46. Rd1
Rxb5 47. Rxd4 h5 48. Rd2 Rb3 49. Kg2 Kf6 50. Kf2 Ra3 51. Ke2 Rb3 52. Rd3 Rb5
53. Rd6+ Kf5 54. Ke3 Re5+ 55. Kd4 Re1 56. Rd5+ Kf6 57. g4 hxg4 58. fxg4 Rh1 59.
g5+ Kf7 60. Rd7+ Kg8 61. Ke5 Rxh4 62. Kf6 Rf4+ 63. Kxg6 Rf8 1/2-1/2

[Event "San Jose zt 2.3"]
[Site "San Jose"]
[Date "2009.06.24"]
[Round "9"]
[White "Gonzalez Acosta, Bernal Manuel"]
[Black "Delgado Ramirez, Neuris"]
[Result "0-1"]
[WhiteElo "2440"]
[BlackElo "2572"]
[PlyCount "52"]
[EventDate "2009.06.19"]
[EventType "tourn"]
[EventRounds "13"]
[EventCountry "CRI"]
[EventCategory "6"]
[SourceTitle "CBM 130 Extra"]
[Source "ChessBase"]
[SourceDate "2009.07.02"]
[SourceVersion "2"]
[SourceVersionDate "2009.07.15"]
[SourceQuality "1"]

1. e4 c5 2. Nc3 Nc6 3. g3 e6 4. Bg2 Nf6 5. Nge2 d5 6. exd5 exd5 7. d4 cxd4 8.
Nxd4 Bg4 9. Qd3 Bc5 10. Nxc6 bxc6 11. O-O O-O 12. Na4 Bd6 13. c4 Qa5 14. Qc2
dxc4 15. Qxc4 Qh5 16. Qxc6 Rfd8 17. Re1 Rac8 18. Qa6 Rc2 19. Qd3 Rcc8 20. Nc3
Bc5 21. Qa6 Bf5 22. h4 Bd3 23. Qb7 Bxf2+ 24. Kxf2 Qc5+ 25. Kf3 Ng4 26. Bf4 Nh2#
0-1

[Event "Pan American Continental"]
[Site "Sao Paulo"]
[Date "2009.07.25"]
[Round "1"]
[White "Jukemura, Leandro"]
[Black "Delgado Ramirez, Neuris"]
[Result "0-1"]
[WhiteElo "2123"]
[BlackElo "2574"]
[PlyCount "40"]
[EventDate "2009.07.25"]
[EventType "swiss"]
[EventRounds "11"]
[EventCountry "BRA"]
[SourceTitle "CBM 132 Extra"]
[Source "ChessBase"]
[SourceDate "2009.11.03"]
[SourceVersion "1"]
[SourceVersionDate "2009.11.03"]
[SourceQuality "1"]

1. e4 c5 2. Nf3 Nc6 3. Bb5 Nf6 4. Nc3 g6 5. Bxc6 bxc6 6. O-O Bg7 7. Re1 O-O 8.
b3 d6 9. Bb2 e5 10. Na4 Nh5 11. c3 f5 12. d4 fxe4 13. Rxe4 Bf5 14. Re3 e4 15.
Nd2 Bh6 16. Nf1 Bxe3 17. Nxe3 Nf4 18. dxc5 d5 19. Qd2 Qg5 20. Rf1 Nxg2 0-1

[Event "Pan American Continental"]
[Site "Sao Paulo"]
[Date "2009.07.26"]
[Round "2"]
[White "Delgado Ramirez, Neuris"]
[Black "Cordoba, Carlos Ramirez"]
[Result "1-0"]
[WhiteElo "2574"]
[BlackElo "2268"]
[PlyCount "45"]
[EventDate "2009.07.25"]
[EventType "swiss"]
[EventRounds "11"]
[EventCountry "BRA"]
[SourceTitle "CBM 132 Extra"]
[Source "ChessBase"]
[SourceDate "2009.11.03"]
[SourceVersion "1"]
[SourceVersionDate "2009.11.03"]
[SourceQuality "1"]

1. e4 e6 2. d4 d5 3. Nc3 Bb4 4. Bd3 dxe4 5. Bxe4 Nf6 6. Bd3 Nbd7 7. Nf3 O-O 8.
O-O b6 9. Qe2 Bb7 10. Bg5 Be7 11. Rad1 Nd5 12. Nxd5 Bxd5 13. Bc1 c5 14. c4 Bxf3
15. Qxf3 cxd4 16. Be4 Rc8 17. Rxd4 Bf6 18. Bxh7+ Kxh7 19. Qd3+ Kg8 20. Rxd7 Qe8
21. Rxa7 Qc6 22. b3 Rfd8 23. Qf3 1-0

[Event "Pan American Continental"]
[Site "Sao Paulo"]
[Date "2009.07.26"]
[Round "3"]
[White "Gerzhoy, Leonid"]
[Black "Delgado Ramirez, Neuris"]
[Result "0-1"]
[WhiteElo "2409"]
[BlackElo "2574"]
[PlyCount "90"]
[EventDate "2009.07.25"]
[EventType "swiss"]
[EventRounds "11"]
[EventCountry "BRA"]
[SourceTitle "CBM 132 Extra"]
[Source "ChessBase"]
[SourceDate "2009.11.03"]
[SourceVersion "1"]
[SourceVersionDate "2009.11.03"]
[SourceQuality "1"]

1. e4 c5 2. Nf3 Nc6 3. d4 cxd4 4. Nxd4 Nf6 5. Nc3 d6 6. Be2 e5 7. Nf3 h6 8. O-O
Be7 9. Re1 O-O 10. h3 Be6 11. Bf1 Rc8 12. Nd5 Qd7 13. c4 Bd8 14. b3 Bxd5 15.
exd5 Ne7 16. Bb2 Ba5 17. Re2 Ng6 18. Rc2 Nf4 19. c5 N4xd5 20. cxd6 Rxc2 21.
Qxc2 e4 22. Ne5 Qxd6 23. Rd1 Qe6 24. Bc4 b5 25. Bxb5 e3 26. Bd4 Bb6 27. Bxb6
axb6 28. Ng4 Nxg4 29. hxg4 Nf6 30. f3 Qe5 31. a4 h5 32. gxh5 Nxh5 33. Re1 Qg5
34. Qe4 Nf4 35. Bf1 e2 36. Rxe2 Nxe2+ 37. Bxe2 Qc5+ 38. Kh2 g6 39. Bc4 Kg7 40.
f4 Rd8 41. Qf3 Qd4 42. g3 Qb2+ 43. Kg1 Rd2 44. Qe3 Qc1+ 45. Bf1 Rg2+ 0-1